Intramembrane charge movements in striated muscle /
Provides a review of recent developments in cellular activation initiated by configuration changes in trigger molecules in surfacemembrane. The function of such molecules is studied through the electrical signs that they produce through voltage change.
| Main Author: | |
|---|---|
| Format: | eBook |
| Language: | English |
| Language Notes: | English. |
| Published: |
Oxford :
Clarendon Press,
1993.
|
| Series: | Monographs of the Physiological Society ;
no. 44. Oxford medical publications. |
| Subjects: | |
| Online Access: | Connect to the full text of this electronic book |
MARC
| Tag | First Indicator | Second Indicator | Subfields |
|---|---|---|---|
| LEADER | 00000cam a2200000 4500 | ||
| 001 | in00005718656 | ||
| 005 | 20260319182324.8 | ||
| 006 | m o d | ||
| 007 | cr ||||||||||| | ||
| 008 | 160829s1993 enk o 000 0 eng d | ||
| 010 | |z 92046621 | ||
| 040 | |a LDP |b eng |c LDP |d OCL |d OCLCO |d OCLCA |d OCLCO |d OCL |d OCLCL |d OCLCE |d OTZ |d OCLCF |d YDXCP |d STBDS |d AUD |d UIU |d SFB |d MVS |d INARC |d MVS |d OCLCO |d OCLCQ | ||
| 019 | |a 609040042 |a 624312204 |a 967255860 |a 1034638863 |a 1034665605 |a 1086511014 |a 1341885106 |a 1424854012 |a 1559477537 | ||
| 020 | |a 9780191724190 |q (ebook) | ||
| 020 | |a 019172419X |q (ebook) | ||
| 020 | |z 0198577494 | ||
| 020 | |z 9780198577492 | ||
| 035 | |a (OCoLC)1156849696 |z (OCoLC)609040042 |z (OCoLC)624312204 |z (OCoLC)967255860 |z (OCoLC)1034638863 |z (OCoLC)1034665605 |z (OCoLC)1086511014 |z (OCoLC)1341885106 |z (OCoLC)1424854012 |z (OCoLC)1559477537 | ||
| 042 | |a dlr | ||
| 050 | 4 | |a QP321.H79 1993 | |
| 060 | 4 | |a W1 |b MO569QW no.44 1993 | |
| 060 | 4 | |a WE 500 |b H875i 1993 | |
| 070 | |a QP321.H79 |b 1993 | ||
| 072 | 0 | |a X300 | |
| 082 | 0 | 4 | |a 599/.0875 |
| 084 | |a HTU W |2 bliss | ||
| 049 | |a TXAM | ||
| 100 | 1 | |a Huang, Christopher L.-H, |e Author. |0 (uri) http://viaf.org/viaf/sourceID/LC%7cn82030922 | |
| 245 | 1 | 0 | |a Intramembrane charge movements in striated muscle / |c Christopher L.-H. Huang. |
| 246 | 3 | |a Monographs of the Physiological Society vol. no. 44 | |
| 260 | |a Oxford : |b Clarendon Press, |c 1993. | ||
| 300 | |a 1 online resource (x, 292 p.). | ||
| 336 | |a text |b txt |2 rdacontent | ||
| 337 | |a computer |b c |2 rdamedia | ||
| 338 | |a online resource |b cr |2 rdacarrier | ||
| 490 | 1 | |a Monographs of the Physiological Society ; |v no. 44 | |
| 490 | 1 | |a Oxford medical publications | |
| 500 | |a Bibliographic Level Mode of Issuance: Monograph. | ||
| 504 | |a Includes bibliographical references and index. | ||
| 520 | 8 | |a Provides a review of recent developments in cellular activation initiated by configuration changes in trigger molecules in surfacemembrane. The function of such molecules is studied through the electrical signs that they produce through voltage change. | |
| 546 | |a English. | ||
| 588 | |a Description based on print version record. | ||
| 505 | 0 | |a 1. Introduction: the activation of striated muscle -- 2. Dielectric properties and membrane function -- 3. The measurement of membrane capacitance in striated muscle -- 4. The charge-movement phenomenon in striated muscle -- 5. Functional components of the non-linear charge -- 6. Charge-movement components in skeletal muscle -- 7. Activation schemes for intramembrane charge in skeletal muscle -- 8. Quantitative description of the steady-state charge -- 9. Kinetic descriptions of the intramembrane charge -- 10. Physiological consequences of voltage-sensing processes -- 11. Implications of charge-movement components for excitation-contraction coupling. | |
| 538 | |a Master and use copy. Digital master created according to Benchmark for Faithful Digital Reproductions of Monographs and Serials, Version 1. Digital Library Federation, December 2002. |u http://purl.oclc.org/DLF/benchrepro0212 |5 MiAaHDL | ||
| 583 | 1 | |a digitized |c 2010 |h HathiTrust Digital Library |l committed to preserve |2 pda |5 MiAaHDL | |
| 650 | 0 | |a Muscle cells |x Electric properties. | |
| 650 | 0 | |a Striated muscle. | |
| 650 | 0 | |a Muscles. | |
| 650 | 0 | |a Musculoskeletal system. | |
| 650 | 0 | |a Biophysics. | |
| 650 | 0 | |a Physiology. | |
| 650 | 0 | |a Anatomy. | |
| 650 | 0 | |a Life sciences. | |
| 650 | 0 | |a Physical sciences. | |
| 650 | 0 | |a Electrophysiology. | |
| 650 | 2 | |a Musculoskeletal System | |
| 650 | 2 | |a Tissues | |
| 650 | 2 | |a Biophysics | |
| 650 | 2 | |a Physiology | |
| 650 | 2 | |a Anatomy | |
| 650 | 2 | |a Biological Science Disciplines | |
| 650 | 2 | |a Natural Science Disciplines | |
| 650 | 2 | |a Disciplines and Occupations. | |
| 650 | 2 | |a Electrophysiology | |
| 650 | 2 | |a Muscles | |
| 650 | 6 | |a Muscle strié. | |
| 650 | 6 | |a Muscles. | |
| 650 | 6 | |a Appareil locomoteur. | |
| 650 | 6 | |a Biophysique. | |
| 650 | 6 | |a Physiologie. | |
| 650 | 6 | |a Anatomie. | |
| 650 | 6 | |a Sciences de la vie. | |
| 650 | 6 | |a Sciences physiques. | |
| 650 | 6 | |a Électrophysiologie. | |
| 650 | 7 | |a physiology. |2 aat | |
| 650 | 7 | |a anatomy. |2 aat | |
| 650 | 7 | |a biological sciences. |2 aat | |
| 650 | 7 | |a physical sciences. |2 aat | |
| 650 | 7 | |a Physiology |2 fast | |
| 650 | 7 | |a Physical sciences |2 fast | |
| 650 | 7 | |a Musculoskeletal system |2 fast | |
| 650 | 7 | |a Life sciences |2 fast | |
| 650 | 7 | |a Electrophysiology |2 fast | |
| 650 | 7 | |a Biophysics |2 fast | |
| 650 | 7 | |a Anatomy |2 fast | |
| 650 | 7 | |a Striated muscle |2 fast | |
| 650 | 7 | |a Muscles |2 fast | |
| 650 | 7 | |a Human Anatomy & Physiology. |2 hilcc | |
| 650 | 7 | |a Health & Biological Sciences. |2 hilcc | |
| 650 | 7 | |a Physiology. |2 hilcc |0 (uri) http://www.ncbi.nlm.nih.gov/mesh/?term=D010827 | |
| 653 | 0 | |a Muscles | |
| 655 | 7 | |a Electronic books. |2 local | |
| 700 | 1 | |a Huang, Christopher L.-H., |e Author. |0 (uri) http://viaf.org/viaf/sourceID/LC%7cn82030922 | |
| 758 | |i has work: |a Intramembrane charge movements in striated muscle (Text) |1 https://id.oclc.org/worldcat/entity/E39PCGGrDWWmFJbTCPfTg6wmbd |4 https://id.oclc.org/worldcat/ontology/hasWork | ||
| 776 | 1 | |z 0198577494 | |
| 776 | 1 | |z 019172419X | |
| 776 | 0 | 8 | |i Print version |z 9780198577492 |
| 830 | 0 | |a Monographs of the Physiological Society ; |v no. 44. | |
| 830 | 0 | |a Oxford medical publications. | |
| 856 | 4 | 0 | |u http://proxy.library.tamu.edu/login?url=https://academic.oup.com/book/4817 |z Connect to the full text of this electronic book |t 0 |
| 936 | |a BATCHLOAD | ||
| 955 | |a Oxford Scholarship Online | ||
| 994 | |a 92 |b TXA | ||
| 999 | f | f | |i 0ba84d6c-87b8-4ae0-a0d5-c7527510902d |s bd5c06a0-3072-4a58-a115-41d24914c8c2 |t 0 |
| 952 | f | f | |a Texas A&M University |b College Station |c Electronic Resources |s www_evans |d Available Online |t 0 |e QP321.H79 1993 |h Library of Congress classification |
| 998 | f | f | |a QP321.H79 1993 |t 0 |l Available Online |